000 00246nam a2200085Ia 4500
245 0 _aGlobal business
100 _a PENG, Mike W. Australia, 2009 International student ed
_977451
942 _cBK
008 210817s9999 xx 000 0 und d
999 _c264594
_d264593